L´utopie ou la mort
Αποθηκεύτηκε σε:
| Κύριος συγγραφέας: | |
|---|---|
| Μορφή: | Βιβλίο |
| Γλώσσα: | Undetermined |
| Έκδοση: |
París, Francia
Du Seuil
1973
|
| Θέματα: | |
| Ετικέτες: |
Προσθήκη ετικέτας
Δεν υπάρχουν, Καταχωρήστε ετικέτα πρώτοι!
|
MARC
| LEADER | 00000nam a2200000Ia 4500 | ||
|---|---|---|---|
| 008 | 170316s9999 xx 000 0 und d | ||
| 090 | |a 100 D-35.1u | ||
| 100 | |a Dumont, René | ||
| 245 | |a L´utopie ou la mort | ||
| 260 | |a París, Francia | ||
| 260 | |b Du Seuil | ||
| 260 | |c 1973 | ||
| 300 | |a 190 páginas | ||
| 650 | |a FILOSOFÍA | ||
| 999 | |c 16062 |d 16062 | ||
| 040 | |a cru BVZT | ||
| 942 | |c 15 D |h 100 D-35.1u |2 z | ||
